[Event "EYCC 2024 - G14"]
[Site "?"]
[Date "2024.08.23"]
[Round "2.10"]
[White "Aghaverdiyeva, Maryam"]
[Black "Huseynli, Ayan"]
[Result "1/2-1/2"]
[BlackElo "1804"]
[WhiteElo "1972"]
[LiveChessVersion "1.4.8"]

1. c4 {[%clk 1:30:54]} e6 {[%clk 1:30:56]} 2. e4 {[%clk 1:31:14]} d5
{[%clk 1:31:10]} 3. exd5 {[%clk 1:31:33]} exd5 {[%clk 1:31:35]} 4. cxd5
{[%clk 1:31:54]} Nf6 {[%clk 1:31:56]} 5. Bb5+ {[%clk 1:32:12]} Bd7
{[%clk 1:31:36]} 6. Bc4 {[%clk 1:32:34]} Bd6 {[%clk 1:24:22]} 7. Nf3
{[%clk 1:29:39]} Qe7+ {[%clk 1:23:54]} 8. Qe2 {[%clk 1:28:48]} Qxe2+
{[%clk 1:22:55]} 9. Kxe2 {[%clk 1:29:04]} O-O {[%clk 1:18:49]} 10. d3
{[%clk 1:20:01]} Bg4 {[%clk 1:16:08]} 11. h3 {[%clk 1:16:14]} Bh5
{[%clk 1:14:44]} 12. g4 {[%clk 1:13:30]} Bg6 {[%clk 1:14:55]} 13. Nc3
{[%clk 1:12:21]} a6 {[%clk 1:13:36]} 14. a4 {[%clk 1:10:06]} Nbd7
{[%clk 1:13:57]} 15. Be3 {[%clk 1:09:45]} Rfe8 {[%clk 1:09:08]} 16. Kd2
{[%clk 1:05:08]} Nb6 {[%clk 1:07:01]} 17. Nh4 {[%clk 0:55:52]} Nxc4+
{[%clk 0:59:52]} 18. dxc4 {[%clk 0:56:09]} Ne4+ {[%clk 0:57:52]} 19. Nxe4
{[%clk 0:53:57]} Bxe4 {[%clk 0:58:16]} 20. f3 {[%clk 0:54:15]} Bb4+
{[%clk 0:58:11]} 21. Ke2 {[%clk 0:54:23]} Bc2 {[%clk 0:57:56]} 22. Rhc1
{[%clk 0:54:00]} Bc5 {[%clk 0:57:21]} 23. Ng2 {[%clk 0:53:37]} Bg6
{[%clk 0:55:49]} 24. Kf2 {[%clk 0:54:00]} b6 {[%clk 0:55:15]} 25. Bxc5
{[%clk 0:47:54]} bxc5 {[%clk 0:55:40]} 26. b3 {[%clk 0:48:19]} Rab8
{[%clk 0:55:04]} 27. Rc3 {[%clk 0:48:27]} Rb6 {[%clk 0:53:10]} 28. Nf4
{[%clk 0:47:32]} Reb8 {[%clk 0:52:46]} 29. Re1 {[%clk 0:46:00]} Kf8
{[%clk 0:52:04]} 30. Ree3 {[%clk 0:37:14]} Bb1 {[%clk 0:49:27]} 31. a5
{[%clk 0:37:16]} R6b7 {[%clk 0:48:27]} 32. Ne2 {[%clk 0:37:09]} g5
{[%clk 0:46:14]} 33. Kg3 {[%clk 0:32:11]} h6 {[%clk 0:38:30]} 34. f4
{[%clk 0:30:47]} gxf4+ {[%clk 0:37:59]} 35. Kxf4 {[%clk 0:31:04]} Rd8
{[%clk 0:35:49]} 36. Ng3 {[%clk 0:23:16]} Rdb8 {[%clk 0:32:28]} 37. Ne4
{[%clk 0:18:21]} Bxe4 {[%clk 0:32:44]} 38. Kxe4 {[%clk 0:18:45]} Re8+
{[%clk 0:31:52]} 39. Kf5 {[%clk 0:18:33]} Rbb8 {[%clk 0:32:09]} 40. h4
{[%clk 0:14:15]} Kg7 {[%clk 0:32:15]} 41. g5 {[%clk 0:09:45]} h5 {[%clk 0:31:13]}
42. Rg3 {[%clk 0:08:50]} Re2 {[%clk 0:30:28]} 43. Rce3 {[%clk 0:00:47]} Re8
{[%clk 0:30:54]} 44. Kf4 {[%clk 0:00:46]} Rf2+ {[%clk 0:30:46]} 45. Rgf3
{[%clk 0:00:36]} Rxe3 {[%clk 0:30:25]} 46. Kxe3 {[%clk 0:01:03]} Rb2
{[%clk 0:29:35]} 47. Ke4 {[%clk 0:00:39]} Rh2 {[%clk 0:28:49]} 48. d6
{[%clk 0:00:32]} cxd6 {[%clk 0:28:46]} 49. Kd5 {[%clk 0:00:58]} Rxh4
{[%clk 0:28:12]} 50. Kc6 {[%clk 0:00:31]} Rg4 {[%clk 0:27:56]} 51. Kb6
{[%clk 0:00:52]} h4 {[%clk 0:27:58]} 52. Kxa6 {[%clk 0:00:54]} Rg3
{[%clk 0:28:06]} 53. Rf4 {[%clk 0:00:43]} h3 {[%clk 0:28:17]} 54. Kb6
{[%clk 0:00:36]} Rxb3+ {[%clk 0:27:34]} 55. Kc7 {[%clk 0:00:48]} Ra3
{[%clk 0:27:27]} 56. Kb6 {[%clk 0:01:12]} Kg6 {[%clk 0:27:24]} 57. a6
{[%clk 0:01:29]} Rb3+ {[%clk 0:24:39]} 58. Kc7 {[%clk 0:01:40]} Ra3
{[%clk 0:25:02]} 59. Kb7 {[%clk 0:02:06]} Rb3+ {[%clk 0:25:27]} 1/2-1/2

[Event "EYCC 2024 - G14"]
[Site "?"]
[Date "2024.08.23"]
[Round "2.11"]
[White "Sickmann, Lisa"]
[Black "Sivashankar, Samyukta"]
[Result "1-0"]
[BlackElo "1801"]
[WhiteElo "1964"]
[LiveChessVersion "1.4.8"]

1. d4 {[%clk 1:30:54]} Nf6 {[%clk 1:30:50]} 2. c4 {[%clk 1:31:20]} g6
{[%clk 1:31:13]} 3. g3 {[%clk 1:31:41]} Bg7 {[%clk 1:31:31]} 4. Bg2
{[%clk 1:32:07]} d5 {[%clk 1:31:53]} 5. cxd5 {[%clk 1:32:14]} Nxd5
{[%clk 1:32:10]} 6. e4 {[%clk 1:31:59]} Nb6 {[%clk 1:31:25]} 7. Ne2
{[%clk 1:30:40]} O-O {[%clk 1:30:05]} 8. O-O {[%clk 1:28:16]} N8d7
{[%clk 1:24:21]} 9. f4 {[%clk 1:21:46]} c5 {[%clk 1:22:17]} 10. d5
{[%clk 1:20:41]} c4 {[%clk 1:05:33]} 11. Nbc3 {[%clk 1:18:12]} Nc5
{[%clk 1:03:33]} 12. Be3 {[%clk 1:15:31]} Nd3 {[%clk 0:59:00]} 13. Rb1
{[%clk 1:10:40]} e6 {[%clk 0:45:35]} 14. dxe6 {[%clk 0:51:02]} Bxe6
{[%clk 0:45:08]} 15. e5 {[%clk 0:50:36]} Qd7 {[%clk 0:32:59]} 16. b3
{[%clk 0:48:39]} Rfd8 {[%clk 0:30:23]} 17. Nd4 {[%clk 0:40:29]} Bg4
{[%clk 0:15:36]} 18. Qd2 {[%clk 0:37:32]} Nb4 {[%clk 0:15:44]} 19. Ne4
{[%clk 0:33:12]} N4d5 {[%clk 0:14:16]} 20. Bf2 {[%clk 0:33:11]} c3
{[%clk 0:10:43]} 21. Nxc3 {[%clk 0:30:55]} Nxc3 {[%clk 0:10:57]} 22. Qxc3
{[%clk 0:31:20]} Nd5 {[%clk 0:10:51]} 23. Qa5 {[%clk 0:27:08]} Bh3
{[%clk 0:07:47]} 24. Rfd1 {[%clk 0:25:32]} Bxg2 {[%clk 0:07:43]} 25. Kxg2
{[%clk 0:25:53]} b6 {[%clk 0:07:56]} 26. Qe1 {[%clk 0:24:27]} Qb7
{[%clk 0:07:19]} 27. Kg1 {[%clk 0:24:23]} Rac8 {[%clk 0:07:31]} 28. Rbc1
{[%clk 0:24:09]} a6 {[%clk 0:07:04]} 29. Qe4 {[%clk 0:19:56]} Rxc1
{[%clk 0:06:06]} 30. Rxc1 {[%clk 0:20:17]} Qe7 {[%clk 0:04:52]} 31. Nc6
{[%clk 0:19:23]} Qc7 {[%clk 0:03:34]} 32. Rc2 {[%clk 0:19:22]} Rd7
{[%clk 0:01:59]} 33. Ne7+ {[%clk 0:19:31]} Nxe7 {[%clk 0:02:11]} 34. Rxc7
{[%clk 0:19:54]} Rxc7 {[%clk 0:02:39]} 35. Bxb6 {[%clk 0:20:06]} Rc1+
{[%clk 0:02:43]} 36. Kg2 {[%clk 0:20:28]} h5 {[%clk 0:02:49]} 37. e6
{[%clk 0:19:27]} Rc6 {[%clk 0:01:50]} 38. exf7+ {[%clk 0:17:42]} Kxf7
{[%clk 0:02:11]} 39. Bd8 {[%clk 0:17:51]} Re6 {[%clk 0:02:06]} 40. Qc4
{[%clk 0:18:07]} Nf5 {[%clk 0:01:52]} 41. Bb6 {[%clk 0:16:03]} Kf6
{[%clk 0:00:42]} 42. Bd4+ {[%clk 0:16:16]} Kf7 {[%clk 0:00:39]} 43. Bf2
{[%clk 0:15:47]} Kf6 {[%clk 0:00:50]} 44. h3 {[%clk 0:15:55]} Ne3+
{[%clk 0:00:33]} 45. Bxe3 {[%clk 0:16:19]} Rxe3 {[%clk 0:00:59]} 46. Qd4+
{[%clk 0:16:46]} Re5 {[%clk 0:00:36]} 47. fxe5+ {[%clk 0:17:11]} Ke7
{[%clk 0:00:50]} 48. Qd6+ {[%clk 0:17:36]} Ke8 {[%clk 0:00:57]} 49. e6
{[%clk 0:17:58]} Bf6 {[%clk 0:00:34]} 50. Qd7+ {[%clk 0:18:26]} Kf8
{[%clk 0:00:33]} 51. Qf7# 1-0

[Event "EYCC 2024 - G14"]
[Site "?"]
[Date "2024.08.23"]
[Round "2.12"]
[White "Halas, Neele Zoe"]
[Black "Slivova, Linda"]
[Result "1-0"]
[BlackElo "1963"]
[WhiteElo "1785"]
[LiveChessVersion "1.4.8"]

1. e4 {[%clk 1:30:58]} c6 {[%clk 1:30:53]} 2. d4 {[%clk 1:31:23]} d5
{[%clk 1:31:18]} 3. Nc3 {[%clk 1:31:48]} dxe4 {[%clk 1:31:41]} 4. Nxe4
{[%clk 1:32:14]} Nf6 {[%clk 1:32:00]} 5. Nxf6+ {[%clk 1:32:39]} exf6
{[%clk 1:32:22]} 6. Bc4 {[%clk 1:32:13]} Bf5 {[%clk 1:30:56]} 7. Nf3
{[%clk 1:31:41]} Bd6 {[%clk 1:30:37]} 8. O-O {[%clk 1:30:51]} O-O
{[%clk 1:29:37]} 9. c3 {[%clk 1:24:27]} Nd7 {[%clk 1:27:19]} 10. Nh4
{[%clk 1:21:32]} Bg6 {[%clk 1:21:50]} 11. Nxg6 {[%clk 1:21:30]} hxg6
{[%clk 1:21:59]} 12. Qg4 {[%clk 1:21:17]} Nb6 {[%clk 1:16:08]} 13. Bb3
{[%clk 1:18:21]} Nd5 {[%clk 1:15:17]} 14. Bxd5 {[%clk 1:17:54]} cxd5
{[%clk 1:15:34]} 15. Bf4 {[%clk 1:17:09]} Re8 {[%clk 1:13:01]} 16. Rfe1
{[%clk 1:15:49]} Qc7 {[%clk 1:11:02]} 17. Bxd6 {[%clk 1:15:20]} Qxd6
{[%clk 1:11:18]} 18. a3 {[%clk 1:08:51]} b5 {[%clk 1:03:38]} 19. Re2
{[%clk 1:06:09]} f5 {[%clk 0:53:05]} 20. Qf3 {[%clk 1:00:31]} Re4
{[%clk 0:51:33]} 21. Qd3 {[%clk 0:59:40]} Qc6 {[%clk 0:50:23]} 22. f3
{[%clk 0:57:15]} Rxe2 {[%clk 0:48:01]} 23. Qxe2 {[%clk 0:57:29]} Re8
{[%clk 0:48:14]} 24. Qd2 {[%clk 0:56:19]} f6 {[%clk 0:22:45]} 25. Re1
{[%clk 0:55:10]} Kf7 {[%clk 0:23:06]} 26. Rxe8 {[%clk 0:55:03]} Qxe8
{[%clk 0:23:29]} 27. Kf2 {[%clk 0:55:03]} Qb8 {[%clk 0:23:22]} 28. g3
{[%clk 0:53:40]} a5 {[%clk 0:19:23]} 29. Qc2 {[%clk 0:45:25]} Qc8
{[%clk 0:16:01]} 30. a4 {[%clk 0:41:15]} b4 {[%clk 0:13:20]} 31. Qb3
{[%clk 0:41:19]} Qc4 {[%clk 0:13:30]} 32. Qxc4 {[%clk 0:41:33]} dxc4
{[%clk 0:13:56]} 33. d5 {[%clk 0:40:16]} bxc3 {[%clk 0:08:58]} 34. bxc3
{[%clk 0:39:23]} Ke7 {[%clk 0:05:15]} 35. Ke3 {[%clk 0:39:40]} Kd6
{[%clk 0:05:14]} 36. Kd4 {[%clk 0:39:53]} g5 {[%clk 0:05:31]} 37. Kxc4
{[%clk 0:39:57]} g4 {[%clk 0:03:14]} 38. f4 {[%clk 0:40:09]} g5 {[%clk 0:03:29]}
39. Kd4 {[%clk 0:40:31]} gxf4 {[%clk 0:03:24]} 40. gxf4 {[%clk 0:40:55]} Kd7
{[%clk 0:03:36]} 41. c4 {[%clk 0:41:06]} Kd6 {[%clk 0:03:55]} 42. c5+
{[%clk 0:41:28]} Kd7 {[%clk 0:04:19]} 43. Kc4 {[%clk 0:41:39]} Kc7
{[%clk 0:04:40]} 44. Kb5 {[%clk 0:42:04]} Kb7 {[%clk 0:04:58]} 45. c6+
{[%clk 0:42:23]} Ka7 {[%clk 0:05:13]} 46. c7 {[%clk 0:42:32]} Kb7
{[%clk 0:05:34]} 47. d6 {[%clk 0:42:55]} g3 {[%clk 0:04:39]} 48. hxg3
{[%clk 0:43:18]} Ka7 {[%clk 0:04:58]} 49. Kc6 {[%clk 0:43:40]} 1-0

[Event "EYCC 2024 - G14"]
[Site "?"]
[Date "2024.08.23"]
[Round "2.13"]
[White "Trunz, Tamila"]
[Black "Oflaz, Fatma Zehra"]
[Result "1-0"]
[BlackElo "1779"]
[WhiteElo "1962"]
[LiveChessVersion "1.4.8"]

1. e4 {[%clk 1:30:56]} e5 {[%clk 1:30:57]} 2. Nf3 {[%clk 1:31:22]} Nc6
{[%clk 1:31:25]} 3. Bc4 {[%clk 1:31:43]} Bc5 {[%clk 1:31:48]} 4. c3
{[%clk 1:31:59]} Nf6 {[%clk 1:32:14]} 5. d3 {[%clk 1:32:19]} d6 {[%clk 1:32:28]}
6. O-O {[%clk 1:31:47]} O-O {[%clk 1:32:53]} 7. Re1 {[%clk 1:31:10]} Be6
{[%clk 1:29:47]} 8. Bxe6 {[%clk 1:29:08]} fxe6 {[%clk 1:30:16]} 9. d4
{[%clk 1:26:57]} exd4 {[%clk 1:30:03]} 10. cxd4 {[%clk 1:26:52]} Bb4
{[%clk 1:29:48]} 11. Nc3 {[%clk 1:22:27]} d5 {[%clk 0:58:43]} 12. Ng5
{[%clk 1:11:46]} Qd7 {[%clk 0:44:29]} 13. e5 {[%clk 0:59:00]} Ne8
{[%clk 0:44:38]} 14. Qg4 {[%clk 0:53:41]} Rf5 {[%clk 0:40:29]} 15. Re3
{[%clk 0:42:00]} h6 {[%clk 0:32:55]} 16. Nf3 {[%clk 0:29:18]} Be7
{[%clk 0:21:33]} 17. Ne2 {[%clk 0:27:51]} Bg5 {[%clk 0:12:38]} 18. Nxg5
{[%clk 0:27:52]} Rxg5 {[%clk 0:13:06]} 19. Qh3 {[%clk 0:26:41]} Rf5
{[%clk 0:11:38]} 20. Rg3 {[%clk 0:24:21]} Kh7 {[%clk 0:11:00]} 21. a3
{[%clk 0:20:46]} Qf7 {[%clk 0:10:42]} 22. Be3 {[%clk 0:20:07]} Na5
{[%clk 0:08:23]} 23. Qg4 {[%clk 0:17:37]} Nc4 {[%clk 0:07:36]} 24. Nf4
{[%clk 0:13:06]} g5 {[%clk 0:03:45]} 25. Nd3 {[%clk 0:12:57]} Nxe3
{[%clk 0:03:52]} 26. fxe3 {[%clk 0:13:26]} Ng7 {[%clk 0:04:04]} 27. Rf3
{[%clk 0:13:02]} Rxf3 {[%clk 0:04:03]} 28. Qxf3 {[%clk 0:13:18]} Rf8
{[%clk 0:03:41]} 29. Rf1 {[%clk 0:12:49]} Qxf3 {[%clk 0:03:14]} 30. gxf3
{[%clk 0:12:56]} Nf5 {[%clk 0:03:28]} 31. Kf2 {[%clk 0:12:37]} b6
{[%clk 0:03:22]} 32. Rc1 {[%clk 0:12:19]} Rf7 {[%clk 0:02:53]} 33. Rc6
{[%clk 0:12:17]} Nh4 {[%clk 0:01:58]} 34. f4 {[%clk 0:11:11]} gxf4
{[%clk 0:01:12]} 35. Nxf4 {[%clk 0:10:13]} Nf5 {[%clk 0:01:07]} 36. Rxe6
{[%clk 0:08:16]} Nxd4 {[%clk 0:01:19]} 37. exd4 {[%clk 0:08:14]} Rxf4+
{[%clk 0:01:47]} 38. Ke3 {[%clk 0:08:17]} Rf7 {[%clk 0:00:55]} 39. Rc6
{[%clk 0:07:23]} Kg7 {[%clk 0:00:48]} 40. b4 {[%clk 0:06:22]} a6 {[%clk 0:00:37]}
41. Re6 {[%clk 0:04:43]} 1-0

[Event "EYCC 2024 - G14"]
[Site "?"]
[Date "2024.08.23"]
[Round "2.14"]
[White "Bauer, Laura Sophie"]
[Black "Toumpakari, Maria"]
[Result "1/2-1/2"]
[BlackElo "1774"]
[WhiteElo "1943"]
[LiveChessVersion "1.4.8"]

1. e4 {[%clk 1:30:57]} e6 {[%clk 1:30:56]} 2. d4 {[%clk 1:31:22]} d5
{[%clk 1:31:21]} 3. Nd2 {[%clk 1:31:26]} c5 {[%clk 1:31:42]} 4. exd5
{[%clk 1:31:47]} Qxd5 {[%clk 1:31:58]} 5. Ngf3 {[%clk 1:32:09]} cxd4
{[%clk 1:32:20]} 6. Bc4 {[%clk 1:32:31]} Qd7 {[%clk 1:32:43]} 7. O-O
{[%clk 1:32:52]} Nc6 {[%clk 1:33:06]} 8. Nb3 {[%clk 1:33:07]} Nf6
{[%clk 1:32:57]} 9. Nbxd4 {[%clk 1:33:20]} Nxd4 {[%clk 1:33:15]} 10. Nxd4
{[%clk 1:33:30]} Qc7 {[%clk 1:33:07]} 11. Bb3 {[%clk 1:33:29]} a6
{[%clk 1:32:40]} 12. Re1 {[%clk 1:32:53]} Be7 {[%clk 1:31:36]} 13. h3
{[%clk 1:30:17]} O-O {[%clk 1:30:55]} 14. Qe2 {[%clk 1:29:04]} Bd7
{[%clk 1:22:36]} 15. Bd2 {[%clk 1:24:56]} Rfd8 {[%clk 1:14:28]} 16. Rad1
{[%clk 1:22:38]} Bc5 {[%clk 1:10:52]} 17. Be3 {[%clk 1:16:48]} Rac8
{[%clk 1:07:11]} 18. c3 {[%clk 1:11:08]} b5 {[%clk 0:57:30]} 19. Bg5
{[%clk 1:03:15]} Be7 {[%clk 0:50:08]} 20. Nf5 {[%clk 0:58:16]} Qc5
{[%clk 0:47:22]} 21. Rxd7 {[%clk 0:46:05]} Qxf5 {[%clk 0:45:54]} 22. Rxe7
{[%clk 0:44:30]} Qxg5 {[%clk 0:37:31]} 23. Ra7 {[%clk 0:29:30]} Rd2
{[%clk 0:19:23]} 24. Qf3 {[%clk 0:28:50]} Qc5 {[%clk 0:19:05]} 25. Rxa6
{[%clk 0:27:14]} Rxb2 {[%clk 0:19:10]} 26. Ra8 {[%clk 0:16:56]} h6
{[%clk 0:13:32]} 27. Rxc8+ {[%clk 0:16:44]} Qxc8 {[%clk 0:13:57]} 28. Qe3
{[%clk 0:14:36]} Nd5 {[%clk 0:10:30]} 29. Bxd5 {[%clk 0:14:50]} exd5
{[%clk 0:10:56]} 30. Qd3 {[%clk 0:13:26]} Rxa2 {[%clk 0:09:03]} 31. Qxd5
{[%clk 0:13:07]} Ra7 {[%clk 0:09:21]} 32. Qd3 {[%clk 0:09:37]} Rb7
{[%clk 0:06:31]} 33. Re5 {[%clk 0:06:31]} Qc6 {[%clk 0:05:33]} 34. Rd5
{[%clk 0:04:20]} Rb8 {[%clk 0:04:19]} 35. Rd6 {[%clk 0:04:19]} Qc5
{[%clk 0:02:53]} 36. Rd7 {[%clk 0:04:02]} Qc6 {[%clk 0:01:24]} 37. Qf5
{[%clk 0:03:45]} Rf8 {[%clk 0:01:34]} 38. Rd3 {[%clk 0:03:59]} Qc4
{[%clk 0:01:36]} 39. Qf3 {[%clk 0:03:58]} Re8 {[%clk 0:01:24]} 40. Rd4
{[%clk 0:02:56]} Qc7 {[%clk 0:01:43]} 41. Rd1 {[%clk 0:02:51]} 1/2-1/2

[Event "EYCC 2024 - G14"]
[Site "?"]
[Date "2024.08.23"]
[Round "2.15"]
[White "Briem, Gudrun Fanney"]
[Black "Andries, Leia"]
[Result "1-0"]
[BlackElo "1937"]
[WhiteElo "1764"]
[LiveChessVersion "1.4.8"]

1. d4 {[%clk 1:30:57]} Nf6 {[%clk 1:30:57]} 2. c4 {[%clk 1:31:18]} e6
{[%clk 1:31:24]} 3. g3 {[%clk 1:31:37]} c5 {[%clk 1:31:18]} 4. d5
{[%clk 1:31:53]} exd5 {[%clk 1:31:39]} 5. cxd5 {[%clk 1:32:15]} d6
{[%clk 1:32:05]} 6. Bg2 {[%clk 1:32:35]} g6 {[%clk 1:32:27]} 7. a4
{[%clk 1:32:53]} Bg7 {[%clk 1:32:39]} 8. Nf3 {[%clk 1:32:05]} O-O
{[%clk 1:32:55]} 9. Nc3 {[%clk 1:31:34]} Re8 {[%clk 1:31:46]} 10. O-O
{[%clk 1:31:14]} Na6 {[%clk 1:25:57]} 11. Nd2 {[%clk 1:22:58]} Nc7
{[%clk 1:17:59]} 12. Nc4 {[%clk 1:22:00]} Ng4 {[%clk 1:13:51]} 13. Ne4
{[%clk 1:13:52]} Bf8 {[%clk 0:56:02]} 14. Bf4 {[%clk 1:10:24]} Ne5
{[%clk 0:50:10]} 15. Nxe5 {[%clk 1:09:26]} dxe5 {[%clk 0:49:22]} 16. Bg5
{[%clk 1:09:35]} Be7 {[%clk 0:40:56]} 17. Bxe7 {[%clk 1:09:30]} Rxe7
{[%clk 0:41:12]} 18. d6 {[%clk 1:08:58]} Re6 {[%clk 0:40:47]} 19. dxc7
{[%clk 1:08:43]} Qxc7 {[%clk 0:41:07]} 20. Qd5 {[%clk 1:07:59]} c4
{[%clk 0:35:50]} 21. Rfd1 {[%clk 1:06:07]} Rb6 {[%clk 0:30:20]} 22. Qd8+
{[%clk 1:05:13]} Qxd8 {[%clk 0:30:38]} 23. Rxd8+ {[%clk 1:05:38]} Kg7
{[%clk 0:30:33]} 24. Nd6 {[%clk 1:03:18]} Rxb2 {[%clk 0:28:12]} 25. Nxc4
{[%clk 0:59:32]} Rxe2 {[%clk 0:25:57]} 26. Rc1 {[%clk 0:54:05]} e4
{[%clk 0:21:27]} 27. Nd6 {[%clk 0:54:22]} e3 {[%clk 0:21:37]} 28. Rdxc8
{[%clk 0:46:28]} Rxc8 {[%clk 0:20:04]} 29. Nxc8 {[%clk 0:46:52]} exf2+
{[%clk 0:19:06]} 30. Kf1 {[%clk 0:47:13]} Ra2 {[%clk 0:18:51]} 31. Bxb7
{[%clk 0:46:43]} h5 {[%clk 0:18:47]} 32. Bc6 {[%clk 0:45:25]} a6 {[%clk 0:18:54]}
33. Kg2 {[%clk 0:44:48]} f1=Q+ {[%clk 0:16:39]} 34. Kxf1 {[%clk 0:45:06]} Rxh2
{[%clk 0:17:00]} 35. Rc4 {[%clk 0:41:11]} 1-0

[Event "EYCC 2024 - G14"]
[Site "?"]
[Date "2024.08.23"]
[Round "2.16"]
[White "Siskou, Evangelia"]
[Black "Wagner, Cosima Thien-An"]
[Result "1-0"]
[BlackElo "1766"]
[WhiteElo "1932"]
[LiveChessVersion "1.4.8"]

1. e4 {[%clk 1:30:52]} c5 {[%clk 1:30:59]} 2. Nf3 {[%clk 1:31:06]} g6
{[%clk 1:31:26]} 3. d4 {[%clk 1:31:27]} cxd4 {[%clk 1:31:51]} 4. Qxd4
{[%clk 1:31:50]} Nf6 {[%clk 1:32:18]} 5. Nc3 {[%clk 1:32:00]} Nc6
{[%clk 1:32:45]} 6. Qa4 {[%clk 1:32:17]} d6 {[%clk 1:33:10]} 7. e5
{[%clk 1:32:35]} dxe5 {[%clk 1:33:37]} 8. Nxe5 {[%clk 1:32:58]} Qd4
{[%clk 1:34:04]} 9. Nxc6 {[%clk 1:33:19]} Qxa4 {[%clk 1:34:30]} 10. Nxa4
{[%clk 1:33:47]} bxc6 {[%clk 1:34:54]} 11. Bd2 {[%clk 1:33:58]} Nd5
{[%clk 1:23:02]} 12. O-O-O {[%clk 1:29:36]} e5 {[%clk 1:16:32]} 13. Nc3
{[%clk 1:16:07]} f6 {[%clk 1:07:19]} 14. Bc4 {[%clk 1:06:55]} Be6
{[%clk 1:04:09]} 15. Ne4 {[%clk 0:58:16]} Kf7 {[%clk 1:02:17]} 16. Bb3
{[%clk 0:55:11]} Be7 {[%clk 0:55:35]} 17. Ba5 {[%clk 0:49:08]} f5
{[%clk 0:45:10]} 18. Nc3 {[%clk 0:45:58]} Nb6 19. f3 {[%clk 0:33:19]} Nc4
{[%clk 0:33:29]} 20. Bxc4 {[%clk 0:32:16]} Bxc4 {[%clk 0:33:55]} 21. Bc7
{[%clk 0:32:15]} Bf6 {[%clk 0:29:28]} 22. Rd7+ {[%clk 0:30:13]} Ke8
{[%clk 0:26:50]} 23. Rd6 {[%clk 0:29:19]} Bg5+ {[%clk 0:26:02]} 24. Kb1
{[%clk 0:29:35]} c5 {[%clk 0:18:49]} 25. Re1 {[%clk 0:25:03]} Kf7
{[%clk 0:14:30]} 26. Rd7+ {[%clk 0:18:18]} Ke8 {[%clk 0:13:43]} 27. Rdd1
{[%clk 0:18:15]} Kf7 {[%clk 0:11:42]} 28. b3 {[%clk 0:15:24]} Be6
{[%clk 0:11:49]} 29. Bxe5 {[%clk 0:15:38]} Rhd8 {[%clk 0:11:04]} 30. Bd6
{[%clk 0:12:17]} c4 {[%clk 0:09:18]} 31. Nb5 {[%clk 0:12:18]} cxb3
{[%clk 0:07:35]} 32. axb3 {[%clk 0:12:36]} Be7 {[%clk 0:05:56]} 33. Nc7
{[%clk 0:05:24]} Rac8 {[%clk 0:03:55]} 34. Bg3 {[%clk 0:04:30]} Rxd1+
{[%clk 0:03:29]} 35. Rxd1 {[%clk 0:04:58]} g5 {[%clk 0:02:09]} 36. Nxe6
{[%clk 0:04:58]} Kxe6 {[%clk 0:02:39]} 37. Re1+ {[%clk 0:05:05]} Kf7
{[%clk 0:02:56]} 38. Re5 {[%clk 0:04:52]} f4 {[%clk 0:02:12]} 39. Bf2
{[%clk 0:05:06]} a6 {[%clk 0:02:10]} 40. Ra5 {[%clk 0:04:36]} Rc6
{[%clk 0:02:24]} 41. Bd4 {[%clk 0:04:13]} h6 {[%clk 0:01:45]} 42. c3
{[%clk 0:04:08]} Re6 {[%clk 0:01:11]} 43. Re5 {[%clk 0:03:52]} Rc6
{[%clk 0:01:08]} 44. Kb2 {[%clk 0:03:58]} Kg6 {[%clk 0:01:06]} 45. Rxe7
{[%clk 0:04:13]} 1-0